000 02739cam a22003615a 4500
999 _c26888
_d26860
001 18352443
003 EG-ScBUE
005 20210322104825.0
008 141029s2015 enk f b 001 0 eng d
020 _a9781405177160 (hardcover)
040 _aDLC
_beng
_erda
_cDLC
_dDLC
_dEG-ScBUE
043 _ae-uk-en
082 0 4 _a820.9112
_bGĄS
_222
100 1 _aGąsiorek, Andrzej,
_d1960-
_eauthor.
_941826
245 1 2 _aA history of modernist literature /
_cAndrzej Gąsiorek.
264 1 _aWest Sussex, UK :
_bJohn Wiley and Sons, Ltd,
_c2015.
300 _axxi, 596 pages ;
_c24 cm.
336 _2rdacontent
_atext
_btxt
337 _2rdamedia
_aunmediated
_bn
338 _2rdacarrier
_avolume
_bnc
490 0 _aBlackwell history of literature
504 _aIncludes bibliographical references and index.
505 0 _aTitle Page; Copyright Page; Contents; Preface; Abbreviations; Introduction: Locating Modernism; Notes; Chapter 1 Early Modernism; The New Woman; Literary Impressionism; Debating Imperialism; Early Modernist Drama; Edward Gordon Craig and W.B. Yeats; The Modern Metropolis; Ford Madox Ford and The English Review; Notes; Chapter 2 'One Big Bloodless Brawl': Modernist Literature, 1910-1914; Introduction; Exploring the Machine Age; Poetry and the Renovation of Language; Imagism; Ford, Flint, and Eliot; Dubliners; Suffragettes, Feminists, and Egoists; Blast and Vorticism; Notes. Chapter 3 Modernism During WartimeIntroduction; Pacifism, Nationalism, and Community; Propaganda and Ideology; The Good Soldier; Portraits of the Male Artist; The Politics of Gender; Notes; Chapter 4 'A Haughty and Proud Generation': Modernist Literature, 1918-1930; Introduction; The Backwashes of War; Ulysses; The Waste Land; Remaking the Novel; A Future for the Avant-Garde?; Notes; Chapter 5 Modernism in the 1930s; Introduction; Modernity and Its Discontents; The Situation of Poetry; Modernism, Race, and Colonialism; The Festival Theatre and Group Theatre; Surrealism; Pound/Joyce; Notes. Chapter 6 Coda: Modernism's AfterlivesNotes; Index; EULA.
520 _a"A History of Modernist Literature offers a critical overview of modernism in England from the 1890s to the Second World War"
650 7 _aModernism (Literature)
_zEngland.
_2BUEsh
651 _2BUEsh
653 _bHHUUEENN
_cOctober2018
655 _vReading book
_934232
776 0 8 _iOnline version:
_aG�asiorek, Andrzej, 1960-
_tHistory of modernist literature
_bFirst edition.
_dHoboken : Wiley-Blackwell, 2015
_z9781118607336
_w(DLC) 2014042851
856 4 2 _3Cover image
_uhttp://catalogimages.wiley.com/images/db/jimages/9781405177160.jpg
942 _2ddc
_cBB